000 00603nam a2200205 a 4500
001 1585
003 BR-CuiBMT
005 20231216003114.0
008 231216s1997 dfb 000 0 por d
040 _aBR-CuiBMT
_cBR-CuiBMT
080 _22007
_a324
_x(81)
090 _a324(81)
_bC977
245 1 _aCurso de formação política para candidatos :
_beleições municipais.
260 _aBrasília :
_bInstituto Teotônio Vilela,
_c1997.
300 _a119 p.:
_c21 cm
650 _aCurso de formação politica
650 _aMarketing eleitoral
650 _aConvenção nacional PSDB
942 _2udc
_cLV
999 _c1585
_d1585